Statistics for Similar-sized countries #9 - Bulgaria

Click here to take the quiz!

General Stats

  • This quiz has been taken 64 times
  • The average score is 6 of 10

Answers on the Map

Answers color-coded by a green-red scale on the quiz's map according to % correct below.
 

Answer Stats

Area size (sq. km)Country% Correct
111,890Honduras
67%
107,159Guatemala
65%
119,990Nicaragua
63%
120,538North Korea
61%
100,250Iceland
59%
99,909South Korea
59%
109,884Cuba
57%
96,320Liberia
51%
114,305Benin
49%
101,000Eritrea
37%

Score Distribution

Percentile by Number Answered

Percent of People with Each Score

Your Score History

You have not taken this quiz